2021 All-NBA, Defensive, and Rookie Teams - Statistics

General Stats
  • This quiz has been taken 129 times
  • The average score is 31 of 35
Answer Stats
All-NBA/Def/Rookie Teams Position NBA Team Player % Correct
All-NBA 2nd Team PG PHO Chris Paul
100%
All-NBA 2nd Team SG POR Damian Lillard
100%
All-NBA 3rd Team PG BKN Kyrie Irving
100%
All-NBA 2nd Team SF LAL Lebron James
100%
All-NBA 1st Team SG DAL Luka Doncic
100%
All-NBA 1st Team C DEN Nikola Jokic
100%
All-NBA 1st Team PG GSW Stephen Curry
100%
All-NBA 3rd Team SG WAS Bradley Beal
99%
All-NBA 1st Team PF MIL Giannis Antetokounmpo
99%
All-Defensive 1st Team SF MIL Giannis Antetokounmpo
99%
All-NBA 3rd Team PF MIA Jimmy Butler
99%
All-Defensive 2nd Team PG MIA Jimmy Butler
99%
All-NBA 2nd Team C PHI Joel Embiid
99%
All-Defensive 2nd Team C PHI Joel Embiid
99%
All-NBA 1st Team SF LAC Kawhi Leonard
99%
All-Defensive 2nd Team SG LAC Kawhi Leonard
99%
All-NBA 3rd Team SF LAC Paul George
99%
All-NBA 3rd Team C UTA Rudy Gobert
99%
All-Defensive 1st Team C UTA Rudy Gobert
99%
All-Defensive 1st Team PF GSW Draymond Green
98%
All-Defensive 1st Team SG MIL Jrue Holiday
96%
All-NBA 2nd Team PF NYK Julius Randle
96%
All-Rookie 1st Team PG CHO Lamelo Ball
95%
All-Defensive 2nd Team PF MIA Bam Adebayo
92%
All-Rookie 1st Team SF MIN Anthony Edwards
91%
All-Defensive 1st Team PG PHI Ben Simmons
90%
All-Rookie 1st Team SG SAC Tyrese Haliburton
79%
All-Defensive 2nd Team SF PHI Mattise Thybulle
77%
All-Rookie 2nd Team SG MEM Desmond Bane
71%
All-Rookie 2nd Team PF CHI Patrick Williams
66%
All-Rookie 2nd Team C DET Isaiah Stewart
65%
All-Rookie 2nd Team SF CLE Isaac Okoro
63%
All-Rookie 1st Team PF DET Saddiq Bey
60%
All-Rookie 2nd Team PG NYK Immanuel Quickley
57%
All-Rookie 1st Team C HOU Jae'Sean Tate
36%
No matching quizzes found
Score Distribution
Percent of People with Each Score
Percentile by Number Answered
Your Score History
You have not taken this quiz